| 000 | 00709nam a2200181 a 4500 | ||
|---|---|---|---|
| 008 | 220907s2017 ||||||||||||||||| || u | ||
| 020 | _a9780857666901 | ||
| 050 | _aPS 3560. J48 | ||
| 100 | _aJeter, K.W | ||
| 245 | 1 | 0 |
_aGrim Expectations _cBy K.W. Jeter |
| 260 |
_aLondon _bAngry Robot _c2017 |
||
| 300 | _a350 pages | ||
| 350 | _a7.31 | ||
| 650 | _aENGLISH LANGUAGE | ||
| 650 | _aMISSING PERSONS--FICTION | ||
| 995 |
_aFICTION Collection _e751799 _FCBU-MAIN LIBRARY (Kitwe) _I7.31 _jPS 3560.J48 _M2 _UAVAILABLE _WSep 7, 2022 _y751799 _ZFiction Collection |
||
| 995 |
_aFICTION Collection _e905333 _FCBU-SCHOOL OF MEDICINE LIBRARY (Ndola) _I22.86 _jPS 3560 .E85 _M1 _UAVAILABLE _WAug 23, 2022 _y905333 _ZFiction Collection |
||
| 999 |
_c76016 _d76016 |
||